Physics of the earth (Record no. 53623)

MARC details
000 -LEADER
fixed length control field 00660nam a2200181 a 4500
008 - FIXED-LENGTH DATA ELEMENTS--GENERAL INFORMATION
fixed length control field 120416s1972 ||||||||||||||||| || u
020 ## - INTERNATIONAL STANDARD BOOK NUMBER
International Standard Book Number 0030811953
050 ## - LIBRARY OF CONGRESS CALL NUMBER
Classification number QE 26.2 Gor
100 ## - MAIN ENTRY--PERSONAL NAME
Personal name Gordon, Robert B. (Robert Boyd), 1929-
245 10 - TITLE STATEMENT
Title Physics of the earth
260 ## - PUBLICATION, DISTRIBUTION, ETC.
Place of publication, distribution, etc. New York:
Name of publisher, distributor, etc. Holt, Rinehart and Winston
Date of publication, distribution, etc. 1972
300 ## - PHYSICAL DESCRIPTION
Extent xi, 207p. : ill.
350 ## - PRICE (NR) (BK AM CF MU VM SE) [OBSOLETE]
Price 0.00
490 ## - SERIES STATEMENT
Series statement Physical science and technology series
650 #0 - SUBJECT ADDED ENTRY--TOPICAL TERM
Topical term or geographic name entry element EARTH SCIENCES
650 ## - SUBJECT ADDED ENTRY--TOPICAL TERM
Topical term or geographic name entry element GEOLOGY--STUDY AND TEACHING
995 ## - RECOMMENDATION 995 [LOCAL, UNIMARC FRANCE]
-- 0.00
-- CBU-MAIN LIBRARY (Kitwe)
-- 1
-- 2.00
-- 1
-- AVAILABLE
-- Annex Low-Usage Collection
Holdings
Withdrawn status Lost status Source of classification or shelving scheme Damaged status Not for loan Home library Current library Shelving location Date acquired Total Checkouts Full call number Barcode Date last seen Price effective from Koha item type
          CBU-MAIN LIBRARY, KITWE. CBU-MAIN LIBRARY, KITWE.   11/30/2022   QE 26.2 Gor 012571 11/30/2022 11/30/2022 MONOGRAPH